<?xml version="1.0" encoding="UTF-8"?>
<collection xmlns="http://www.loc.gov/MARC21/slim">
<record>
  <controlfield tag="001">170907</controlfield>
  <controlfield tag="005">20260429150232.0</controlfield>
  <datafield tag="037" ind1=" " ind2=" ">
    <subfield code="a">TAZ-TFG-2025-210</subfield>
  </datafield>
  <datafield tag="041" ind1=" " ind2=" ">
    <subfield code="a">spa</subfield>
  </datafield>
  <datafield tag="100" ind1="1" ind2=" ">
    <subfield code="a">Borra García, Rubén</subfield>
  </datafield>
  <datafield tag="242" ind1="0" ind2="0">
    <subfield code="a">The outlying regulations applicable to hunting activity</subfield>
  </datafield>
  <datafield tag="245" ind1="0" ind2="0">
    <subfield code="a">La regulación periférica aplicable a la actividad cinegética</subfield>
  </datafield>
  <datafield tag="260" ind1=" " ind2=" ">
    <subfield code="a">Zaragoza</subfield>
    <subfield code="b">Universidad de Zaragoza</subfield>
    <subfield code="c">2025</subfield>
  </datafield>
  <datafield tag="500" ind1=" " ind2=" ">
    <subfield code="a">Agradecimientos a José Luis Bermejo Latre, José Ramón González Barrientos, Juan José Osácar Jiménez y Nicolás Vicente Urbani Barrios por sus aportaciones y ayuda con este trabajo. Con la colaboración de la Agencia De Recursos Naturales De Soria SLP, el Servicio de Sanidad, Trazabilidad y Bienestar Animal del Gobierno de Aragón, la Federación Aragonesa de Caza y la Federación de Caza de Castilla y León. Dedicado a todos los jóvenes y aficionados a la caza, en especial a mi padre por introducirme a esta apasionante actividad.</subfield>
  </datafield>
  <datafield tag="506" ind1=" " ind2=" ">
    <subfield code="a">by-nc-sa</subfield>
    <subfield code="b">Creative Commons</subfield>
    <subfield code="c">3.0</subfield>
    <subfield code="u">http://creativecommons.org/licenses/by-nc-sa/3.0/</subfield>
  </datafield>
  <datafield tag="520" ind1=" " ind2=" ">
    <subfield code="a">La principal ley reguladora de la actividad cinegética en el estado español, es la Ley 1/1970, de 4 de abril, de caza. Sin embargo, existe otra normativa menos conocida o que puede pasar desapercibida pero cuyo impacto y relación con la caza, la reviste de especial interés para su conocimiento en relación a su correcta aplicación y seguimiento en materias como son la prevención de daños y accidentes o para asegurar la sostenibilidad del ecosistema. En este trabajo se expondrá dicha regulación y su comparativa, abarcando el marco intercomunitario, nacional e incluso internacional.&lt;br /></subfield>
  </datafield>
  <datafield tag="521" ind1=" " ind2=" ">
    <subfield code="a">Graduado en Derecho</subfield>
  </datafield>
  <datafield tag="540" ind1=" " ind2=" ">
    <subfield code="a">Derechos regulados por licencia Creative Commons</subfield>
  </datafield>
  <datafield tag="856" ind1="0" ind2=" ">
    <subfield code="f">826055@unizar.es</subfield>
  </datafield>
  <datafield tag="856" ind1="4" ind2=" ">
    <subfield code="s">792227</subfield>
    <subfield code="u">http://zaguan.unizar.es/record/170907/files/TAZ-TFG-2025-210.pdf</subfield>
    <subfield code="y">Memoria (spa)</subfield>
  </datafield>
  <datafield tag="909" ind1="C" ind2="O">
    <subfield code="o">oai:zaguan.unizar.es:170907</subfield>
    <subfield code="p">driver</subfield>
    <subfield code="p">trabajos-fin-grado</subfield>
  </datafield>
  <datafield tag="950" ind1=" " ind2=" ">
    <subfield code="a"></subfield>
  </datafield>
  <datafield tag="691" ind1=" " ind2=" ">
    <subfield code="a">3 15</subfield>
  </datafield>
  <datafield tag="692" ind1=" " ind2=" ">
    <subfield code="a">En este trabajo existen varios apartados dedicados a la sotenibilidad del medioambiente siguiendo una correcta planificación cinegética, que por una parte; puede restringir la caza de determinadas especies para asegurar su mantenimiento y conservación o por otra parte, dar permisos especiales de caza a especies cuyos daños a cultivos o a otras especies deban ser controlados para mantener un correcto y equilibrado ecosistema terrestre. Del mismo modo en este trabajo hay otro apartado dedicado a la materia higiénico-sanitaria y como prevenir la trasmisión de zoonosis de animales a humanos entre otras medidas que contribuyen a la salud y bienestar.</subfield>
  </datafield>
  <datafield tag="700" ind1=" " ind2=" ">
    <subfield code="a">Bermejo Latre, José Luis</subfield>
    <subfield code="e">dir.</subfield>
  </datafield>
  <datafield tag="710" ind1="2" ind2=" ">
    <subfield code="a">Universidad de Zaragoza</subfield>
    <subfield code="b">Derecho Público</subfield>
    <subfield code="c">Derecho Administrativo</subfield>
  </datafield>
  <datafield tag="980" ind1=" " ind2=" ">
    <subfield code="a">TAZ</subfield>
    <subfield code="b">TFG</subfield>
    <subfield code="c">DER</subfield>
  </datafield>
  <datafield tag="999" ind1=" " ind2=" ">
    <subfield code="a">20250205114512.CREATION_DATE</subfield>
  </datafield>
  <datafield tag="951" ind1=" " ind2=" ">
    <subfield code="a">deposita:2026-04-29</subfield>
  </datafield>
</record>
</collection>